Libertad de elegir : (Registro nro. 6717)
[ vista simple ]
| 000 -LEADER | |
|---|---|
| fixed length control field | 01217nam a2200301Ia 4500 |
| 003 - CONTROL NUMBER IDENTIFIER | |
| control field | OSt |
| 005 - DATE AND TIME OF LATEST TRANSACTION | |
| control field | 20200609192557.0 |
| 008 - FIXED-LENGTH DATA ELEMENTS--GENERAL INFORMATION | |
| fixed length control field | 191128s1980 sp gr 000 0dspa d |
| 040 ## - CATALOGING SOURCE | |
| Original cataloging agency | CO-JMCR |
| Transcribing agency | CO-JMCR |
| 041 1# - LANGUAGE CODE | |
| Language code of text/sound track or separate title | spa |
| Language code of original | eng |
| 082 04 - DEWEY DECIMAL CLASSIFICATION NUMBER | |
| Classification number | 330.122 / |
| Item number | F911l |
| Edition number | 23 |
| 100 1# - MAIN ENTRY--PERSONAL NAME | |
| Personal name | Friedman, Milton, |
| Relator term | autor |
| 9 (RLIN) | 5319 |
| 245 10 - TITLE STATEMENT | |
| Title | Libertad de elegir : |
| Remainder of title | hacia un nuevo liberalismo económico / |
| Statement of responsibility, etc. | Milton Friedman, Rose Friedman ; traducido por Carlos Rocha Pujol |
| 250 ## - EDITION STATEMENT | |
| Edition statement | Segunda edición |
| 260 ## - PUBLICATION, DISTRIBUTION, ETC. | |
| Place of publication, distribution, etc. | Barcelona : |
| Name of publisher, distributor, etc. | Grijalbo, |
| Date of publication, distribution, etc. | 1980. |
| 300 ## - PHYSICAL DESCRIPTION | |
| Extent | 436 páginas |
| Dimensions | 18 cm. |
| 504 ## - BIBLIOGRAPHY, ETC. NOTE | |
| Bibliography, etc. note | Bibliografía al final de cada capítulo. |
| 505 ## - FORMATTED CONTENTS NOTE | |
| Formatted contents note | El poder del mercado -- La tiranía de los controles -- Anatomía de la crisis -- De la cuna a la tumba -- Creados iguales -- ¿Qué falla en nuestras escuelas? -- ¿Quién protege al consumidor? -- ¿Quién protege al trabajador? |
| 534 ## - ORIGINAL VERSION NOTE | |
| Introductory phrase | Free to choose |
| 546 ## - LANGUAGE NOTE | |
| Language note | Traducido del inglés |
| 650 14 - SUBJECT ADDED ENTRY--TOPICAL TERM | |
| Topical term or geographic name entry element | Capitalismo |
| 9 (RLIN) | 5320 |
| 650 24 - SUBJECT ADDED ENTRY--TOPICAL TERM | |
| Topical term or geographic name entry element | Libre comercio |
| 9 (RLIN) | 2688 |
| 650 24 - SUBJECT ADDED ENTRY--TOPICAL TERM | |
| Topical term or geographic name entry element | Liberalismo Empresas |
| 9 (RLIN) | 5321 |
| 650 24 - SUBJECT ADDED ENTRY--TOPICAL TERM | |
| Topical term or geographic name entry element | Economía de mercado |
| 9 (RLIN) | 4657 |
| 700 1# - ADDED ENTRY--PERSONAL NAME | |
| Personal name | Friedman, Rose, |
| Relator term | autor |
| 9 (RLIN) | 5322 |
| 700 1# - ADDED ENTRY--PERSONAL NAME | |
| Personal name | Rocha Pujol, Carlos, |
| Relator term | traductor |
| 9 (RLIN) | 5323 |
| 942 ## - ADDED ENTRY ELEMENTS (KOHA) | |
| Source of classification or shelving scheme | Dewey Decimal Classification |
| Koha item type | Books |
| Withdrawn status | Lost status | Source of classification or shelving scheme | Damaged status | Not for loan | Home library | Current library | Date acquired | Source of acquisition | Cost, normal purchase price | Total Checkouts | Full call number | Barcode | Date last seen | Copy number | Price effective from | Koha item type |
|---|---|---|---|---|---|---|---|---|---|---|---|---|---|---|---|---|
| Dewey Decimal Classification | Biblioteca Pública José María del Castillo y Rada | Biblioteca Pública José María del Castillo y Rada | 04/15/2018 | Donación | 0.00 | 330.122 / F911l | 430004116 | 05/16/2024 | Ej.2 | 06/09/2020 | Books |